Online
Catalog

Retórica e lógica / (Record no. 1779)

MARC details
000 -CABECERA
campo de control de longitud fija 00659cam a2200217 a 4500
001 - NÚMERO DE CONTROL
campo de control 000001909
005 - FECHA Y HORA DE LA ÚLTIMA TRANSACCIÓN
campo de control 20240509200458.0
008 - DATOS DE LONGITUD FIJA--INFORMACIÓN GENERAL
campo de control de longitud fija 840703s1968 it 001 0 ita
040 ## - FUENTE DE LA CATALOGACIÓN
Centro catalogador/agencia de origen DO-SdBNP
Centro/agencia transcriptor CarP
Centro/agencia modificador DLC
082 ## - NÚMERO DE LA CLASIFICACIÓN DECIMAL DEWEY
Número de clasificación 848.91
Número de documento/Ítem P942r
100 1# - ENTRADA PRINCIPAL--NOMBRE DE PERSONA
Nombre de persona Preti, Giulio,
Fechas asociadas al nombre 1911-1972.
9 (RLIN) 6216
245 10 - MENCIÓN DE TÍTULO
Título Retórica e lógica /
Mención de responsabilidad, etc. Giulio Preti.
260 ## - PUBLICACIÓN, DISTRIBUCIÓN, ETC.
Lugar de publicación, distribución, etc. Torino, (Italy) :
Nombre del editor, distribuidor, etc. Giulio Einaudi,
Fecha de publicación, distribución, etc. 1968.
300 ## - DESCRIPCIÓN FÍSICA
Extensión 242 p. ;
Dimensiones 19 cm.
490 1# - MENCIÓN DE SERIE
Mención de serie Nuovo politecnico
Designación de volumen o secuencia no. 17
650 #4 - PUNTO DE ACCESO ADICIONAL DE MATERIA--TÉRMINO DE MATERIA
Término de materia o nombre geográfico como elemento de entrada Retórica
9 (RLIN) 6217
650 #4 - PUNTO DE ACCESO ADICIONAL DE MATERIA--TÉRMINO DE MATERIA
Término de materia o nombre geográfico como elemento de entrada Europa
Subdivisión general Civilización
9 (RLIN) 6218
650 #0 - PUNTO DE ACCESO ADICIONAL DE MATERIA--TÉRMINO DE MATERIA
Término de materia o nombre geográfico como elemento de entrada Lógica
9 (RLIN) 332
830 #0 - PUNTO DE ACCESO ADICIONAL DE SERIE-TÍTULO UNIFORME
Título uniforme Nuovo politecnico ;
Designación de volumen o secuencia no. 17.
9 (RLIN) 6219
910 ## - DATOS DE OPCIÓN DEL USUARIO (OCLC)
Datos de opción del usuario Catalogación por copia / LC
Holdings
Estado de retiro Estado de pérdida Restricciones de uso No para préstamo Código de colección Localización permanente Ubicación/localización actual Ubicación en estantería Fecha de adquisición Número de inventario Total de préstamos Signatura topográfica completa Código de barras Fecha visto por última vez Precio válido a partir de Tipo de ítem Koha
    Préstamo interno   Monografías: Libros y Folletos General General En catalogación 21.09.2009 LF1   848.91 P942r 1909-10 25.06.2020 25.06.2020 Préstamo interno

Powered by Koha